000 00408nmm a2200145Ia 4500
008 251105s9999||||xx |||||||||||||||||und||
041 _aspa
100 _aBouvier, Claire
245 0 _aLa llamada del norte
264 _a[Madrid, España] :
_bEdiciones B,
_c2014
300 _a416 páginas
650 _aNorth American narrative
856 _uhttps://public.digitaliapublishing.com/a/53476
942 _cCF
999 _c105017
_d105017